[Event "DVM U12 2024"]
[Site "Heidelberg GER"]
[Date "2024.12.30"]
[Round "7"]
[White "Vlach, Ludwig"]
[Black "Sun, Christopher"]
[Result "1/2-1/2"]
[Termination "normal"]
[Board "8.1"]
[WhiteElo "1709"]
[BlackElo "1723"]
[WhiteClock "00:30:13"]
[BlackClock "00:49:03"]
[WhiteTeam "SG Trier 1877"]
[BlackTeam "Karlsruher SF 1853"]
[PlyCount "104"]
[WhiteFideId "4007344"]
[BlackFideId "34630368"]
[EventCountry "GER"]
[EventRounds "7"]
[EventType "team-swiss"]
[EventDate "2024.12.26"]

1. e4 {[%clk 01:30:59]} {[%emt 00:00:01]} e6 {[%clk 01:30:56]} {[%emt
00:00:04]} 2. d4 {[%clk 01:31:26]} {[%emt 00:00:03]} d5 {[%clk 01:31:24]}
{[%emt 00:00:02]} 3. exd5 {[%clk 01:31:51]} {[%emt 00:00:04]} exd5 {[%clk
01:31:49]} {[%emt 00:00:06]} 4. c3 {[%clk 01:32:18]} {[%emt 00:00:03]} Nf6
{[%clk 01:32:02]} {[%emt 00:00:16]} 5. Bd3 {[%clk 01:32:35]} {[%emt 00:00:14]}
Bd6 {[%clk 01:32:25]} {[%emt 00:00:07]} 6. Bg5 {[%clk 01:32:59]} {[%emt
00:00:06]} c6 {[%clk 01:32:22]} {[%emt 00:00:33]} 7. Nd2 {[%clk 01:33:04]}
{[%emt 00:00:25]} O-O {[%clk 01:32:28]} {[%emt 00:00:24]} 8. Ne2 {[%clk
01:32:23]} {[%emt 00:01:11]} Bg4 {[%clk 01:32:17]} {[%emt 00:00:41]} 9. O-O
{[%clk 01:31:57]} {[%emt 00:00:56]} Nbd7 {[%clk 01:32:33]} {[%emt 00:00:14]}
10. Qc2 {[%clk 01:32:03]} {[%emt 00:00:24]} Qc7 {[%clk 01:32:36]} {[%emt
00:00:27]} 11. h3 {[%clk 01:31:44]} {[%emt 00:00:49]} Bh5 {[%clk 01:32:56]}
{[%emt 00:00:09]} 12. Bh4 {[%clk 01:26:23]} {[%emt 00:05:52]} Rfe8 {[%clk
01:31:55]} {[%emt 00:01:30]} 13. Ng3 {[%clk 01:25:10]} {[%emt 00:01:44]} Bg6
{[%clk 01:32:05]} {[%emt 00:00:19]} 14. Bxg6 {[%clk 01:24:45]} {[%emt
00:00:55]} hxg6 {[%clk 01:32:19]} {[%emt 00:00:16]} 15. Nf3 {[%clk 01:22:29]}
{[%emt 00:02:47]} Rac8 {[%clk 01:21:52]} {[%emt 00:10:57]} 16. b4 {[%clk
01:17:40]} {[%emt 00:05:19]} Ne4 {[%clk 01:19:08]} {[%emt 00:03:13]} 17. Nxe4
{[%emt 00:00:28]} Rxe4 {[%emt 00:00:24]} 18. Rfe1 {[%clk 01:15:13]} {[%emt
00:02:05]} Rce8 {[%clk 01:19:00]} {[%emt 00:00:37]} 19. Rxe4 {[%clk 01:14:47]}
{[%emt 00:00:57]} Rxe4 {[%clk 01:19:15]} {[%emt 00:00:14]} 20. Re1 {[%clk
01:14:38]} {[%emt 00:00:39]} Rxe1+ {[%clk 01:17:21]} {[%emt 00:02:24]} 21. Nxe1
{[%clk 01:15:03]} {[%emt 00:00:05]} Nb6 {[%clk 01:17:12]} {[%emt 00:00:39]} 22.
Nd3 {[%clk 01:13:37]} {[%emt 00:01:56]} Nc4 {[%clk 01:16:40]} {[%emt 00:01:02]}
23. Nb2 {[%clk 01:09:43]} {[%emt 00:04:23]} Nxb2 {[%clk 01:15:33]} {[%emt
00:01:37]} 24. Qxb2 {[%clk 01:10:06]} {[%emt 00:00:07]} Bf4 {[%clk 01:15:14]}
{[%emt 00:00:49]} 25. f3 {[%clk 01:04:23]} {[%emt 00:06:14]} g5 {[%clk
01:14:24]} {[%emt 00:01:19]} 26. Bf2 {[%clk 01:03:35]} {[%emt 00:01:19]} Qe7
{[%clk 01:13:58]} {[%emt 00:00:56]} 27. Kf1 {[%clk 01:01:34]} {[%emt 00:02:31]}
Qe6 {[%clk 01:13:02]} {[%emt 00:01:24]} 28. Qc2 {[%clk 01:01:17]} {[%emt
00:00:48]} Kf8 {[%clk 01:11:46]} {[%emt 00:01:45]} 29. a4 {[%clk 00:59:22]}
{[%emt 00:02:26]} a6 {[%clk 01:11:14]} {[%emt 00:01:02]} 30. a5 {[%clk
00:57:43]} {[%emt 00:02:10]} g6 {[%clk 01:09:00]} {[%emt 00:02:43]} 31. Be1
{[%clk 00:53:21]} {[%emt 00:04:52]} Qe3 {[%clk 01:06:19]} {[%emt 00:03:10]} 32.
Bf2 {[%clk 00:51:22]} {[%emt 00:02:30]} Qd2 {[%clk 01:03:16]} {[%emt 00:03:32]}
33. Qxd2 {[%clk 00:51:35]} {[%emt 00:00:18]} Bxd2 {[%clk 01:03:40]} {[%emt
00:00:07]} 34. Be1 {[%clk 00:51:43]} {[%emt 00:00:22]} Bf4 {[%clk 01:04:00]}
{[%emt 00:00:10]} 35. Kf2 {[%clk 00:51:45]} {[%emt 00:00:28]} f6 {[%clk
01:03:42]} {[%emt 00:00:47]} 36. g3 {[%clk 00:51:54]} {[%emt 00:00:22]} Bc7
{[%clk 01:04:02]} {[%emt 00:00:10]} 37. Bd2 {[%clk 00:51:02]} {[%emt 00:01:22]}
Kf7 {[%clk 01:04:03]} {[%emt 00:00:29]} 38. Kg2 {[%clk 00:47:57]} {[%emt
00:03:36]} b6 {[%clk 01:03:57]} {[%emt 00:00:36]} 39. axb6 {[%clk 00:48:02]}
{[%emt 00:00:24]} Bxb6 {[%clk 01:04:19]} {[%emt 00:00:08]} 40. Kf2 {[%clk
00:43:09]} {[%emt 00:05:24]} Bc7 {[%clk 01:02:33]} {[%emt 00:02:16]} 41. g4
{[%clk 00:42:08]} {[%emt 00:01:30]} a5 {[%clk 01:02:27]} {[%emt 00:00:36]} 42.
bxa5 {[%clk 00:41:48]} {[%emt 00:00:51]} Bxa5 {[%clk 01:02:30]} {[%emt
00:00:26]} 43. Ke3 {[%clk 00:42:04]} {[%emt 00:00:15]} Ke6 {[%clk 01:02:31]}
{[%emt 00:00:28]} 44. Kd3 {[%clk 00:40:57]} {[%emt 00:01:38]} Kd6 {[%clk
01:01:02]} {[%emt 00:01:59]} 45. Bc1 {[%clk 00:39:03]} {[%emt 00:02:24]} Bb6
{[%clk 00:59:36]} {[%emt 00:01:55]} 46. Bb2 {[%clk 00:33:52]} {[%emt 00:05:41]}
Kd7 {[%emt 00:01:12]} 47. Ba3 {[%clk 00:33:49]} Ke6 {[%clk 00:58:49]} {[%emt
00:01:08]} 48. Bb4 {[%clk 00:32:18]} {[%emt 00:02:00]} Bc7 {[%clk 00:55:02]}
{[%emt 00:04:17]} 49. Ba3 {[%clk 00:31:29]} {[%emt 00:01:20]} Bd8 {[%clk
00:55:16]} {[%emt 00:00:16]} 50. Bb4 {[%clk 00:31:28]} {[%emt 00:00:31]} Bc7
{[%clk 00:53:58]} {[%emt 00:01:49]} 51. Ba3 {[%clk 00:31:44]} {[%emt 00:00:14]}
Bg3 {[%clk 00:54:05]} {[%emt 00:00:22]} 52. Bb4 {[%clk 00:30:13]} {[%emt
00:02:02]} Bb8 {[%clk 00:49:03]} {[%emt 00:05:32]} 1/2-1/2

[Event "DVM U12 2024"]
[Site "Heidelberg GER"]
[Date "2024.12.30"]
[Round "7"]
[White "Tomovski, Leon"]
[Black "Classen, Marnin"]
[Result "0-1"]
[Termination "normal"]
[Board "8.2"]
[WhiteElo "1569"]
[BlackElo "1630"]
[WhiteClock "01:16:28"]
[BlackClock "01:07:01"]
[WhiteTeam "Karlsruher SF 1853"]
[BlackTeam "SG Trier 1877"]
[PlyCount "164"]
[WhiteFideId "34691790"]
[BlackFideId "34623833"]
[EventCountry "GER"]
[EventRounds "7"]
[EventType "team-swiss"]
[EventDate "2024.12.26"]

1. e4 {[%clk 01:30:59]} e6 {[%clk 01:30:56]} {[%emt 00:00:04]} 2. d4 {[%clk
01:31:22]} {[%emt 00:00:07]} d5 {[%clk 01:31:23]} {[%emt 00:00:03]} 3. exd5
{[%clk 01:31:46]} {[%emt 00:00:05]} exd5 {[%clk 01:31:48]} {[%emt 00:00:05]} 4.
Bd3 {[%clk 01:32:10]} {[%emt 00:00:07]} Bd6 {[%clk 01:32:11]} {[%emt 00:00:06]}
5. Nf3 {[%clk 01:32:34]} {[%emt 00:00:05]} Nf6 {[%clk 01:32:37]} {[%emt
00:00:05]} 6. c3 {[%clk 01:33:00]} {[%emt 00:00:05]} O-O {[%clk 01:32:59]}
{[%emt 00:00:07]} 7. O-O {[%clk 01:33:25]} {[%emt 00:00:04]} Bg4 {[%clk
01:33:25]} {[%emt 00:00:05]} 8. Bg5 {[%clk 01:33:49]} {[%emt 00:00:06]} c6
{[%clk 01:33:41]} {[%emt 00:00:14]} 9. Nbd2 {[%clk 01:34:11]} {[%emt 00:00:08]}
Nbd7 {[%clk 01:33:21]} {[%emt 00:00:50]} 10. Qc2 {[%clk 01:34:22]} {[%emt
00:00:18]} Qc7 {[%clk 01:33:46]} {[%emt 00:00:05]} 11. Rfe1 {[%clk 01:32:50]}
{[%emt 00:02:03]} Rfe8 {[%clk 01:34:09]} {[%emt 00:00:07]} 12. h3 {[%clk
01:32:55]} {[%emt 00:00:23]} Bh5 {[%clk 01:34:17]} {[%emt 00:00:22]} 13. c4
{[%clk 01:32:12]} {[%emt 00:01:14]} Bb4 {[%clk 01:31:37]} {[%emt 00:03:09]} 14.
cxd5 {[%clk 01:30:32]} {[%emt 00:02:11]} Bxf3 15. gxf3 {[%clk 01:30:16]} Bxd2
{[%clk 01:31:13]} {[%emt 00:00:52]} 16. Qxd2 {[%clk 01:30:27]} {[%emt
00:00:19]} Nxd5 {[%clk 01:30:58]} {[%emt 00:00:46]} 17. Rac1 {[%clk 01:29:34]}
{[%emt 00:01:23]} h6 {[%clk 01:30:37]} {[%emt 00:00:50]} 18. Bh4 {[%clk
01:29:39]} {[%emt 00:00:25]} N7f6 {[%clk 01:30:37]} {[%emt 00:00:30]} 19. Bg3
{[%clk 01:29:02]} {[%emt 00:01:06]} Qd7 {[%clk 01:30:56]} {[%emt 00:00:12]} 20.
Kg2 {[%clk 01:28:46]} {[%emt 00:00:46]} Rad8 {[%clk 01:30:40]} {[%emt
00:00:46]} 21. Rxe8+ {[%clk 01:27:17]} {[%emt 00:01:59]} Rxe8 {[%clk 01:30:59]}
{[%emt 00:00:11]} 22. b4 {[%clk 01:26:51]} {[%emt 00:00:56]} Qe7 {[%clk
01:28:51]} {[%emt 00:02:39]} 23. b5 {[%clk 01:26:37]} {[%emt 00:00:45]} Nb4
{[%clk 01:28:40]} {[%emt 00:00:40]} 24. bxc6 {[%clk 01:26:25]} {[%emt
00:00:42]} Nxc6 {[%clk 01:28:46]} {[%emt 00:00:24]} 25. Bb5 {[%clk 01:26:13]}
{[%emt 00:00:42]} Qe6 {[%clk 01:22:50]} {[%emt 00:06:26]} 26. Rc5 {[%clk
01:23:31]} {[%emt 00:03:12]} Rd8 {[%clk 01:20:34]} {[%emt 00:02:46]} 27. d5
{[%clk 01:21:37]} {[%emt 00:02:25]} Rxd5 {[%clk 01:17:07]} {[%emt 00:03:56]}
28. Rxd5 {[%clk 01:21:43]} {[%emt 00:00:24]} Qxd5 {[%clk 01:16:47]} {[%emt
00:00:50]} 29. Qxd5 {[%clk 01:21:33]} {[%emt 00:00:40]} Nxd5 {[%clk 01:17:11]}
{[%emt 00:00:06]} 30. Kf1 {[%emt 00:00:47]} Kf8 {[%clk 01:17:23]} 31. Ke1
{[%clk 01:21:48]} {[%emt 00:00:15]} Ke7 {[%clk 01:17:47]} {[%emt 00:00:06]} 32.
Kd2 {[%clk 01:22:13]} {[%emt 00:00:05]} Nd4 {[%clk 01:17:30]} {[%emt 00:00:47]}
33. Bc4 {[%clk 01:22:09]} {[%emt 00:00:33]} Nb6 {[%clk 01:17:00]} {[%emt
00:01:01]} 34. Be2 {[%clk 01:21:59]} {[%emt 00:00:40]} Nxe2 {[%clk 01:17:16]}
{[%emt 00:00:14]} 35. Kxe2 {[%clk 01:22:23]} {[%emt 00:00:05]} Ke6 {[%clk
01:17:34]} {[%emt 00:00:14]} 36. Kd3 {[%clk 01:21:54]} {[%emt 00:00:59]} Kd5
{[%clk 01:17:51]} {[%emt 00:00:12]} 37. Bb8 {[%clk 01:21:57]} {[%emt 00:00:27]}
a6 {[%clk 01:18:08]} {[%emt 00:00:14]} 38. Ba7 {[%clk 01:22:14]} {[%emt
00:00:12]} Nc4 {[%clk 01:18:27]} {[%emt 00:00:11]} 39. Bd4 {[%clk 01:21:57]}
{[%emt 00:00:48]} g6 {[%clk 01:18:37]} {[%emt 00:00:19]} 40. h4 {[%clk
01:21:19]} {[%emt 00:01:08]} h5 {[%clk 01:18:56]} {[%emt 00:00:10]} 41. f4
{[%clk 01:21:09]} {[%emt 00:00:40]} f5 {[%clk 01:19:19]} {[%emt 00:00:08]} 42.
f3 {[%clk 01:21:26]} {[%emt 00:00:13]} Na3 {[%clk 01:18:42]} {[%emt 00:01:07]}
43. Bb6 {[%clk 01:20:28]} {[%emt 00:01:28]} Nb5 {[%clk 01:18:37]} {[%emt
00:00:35]} 44. a4 {[%clk 01:20:14]} {[%emt 00:00:43]} Nd6 {[%clk 01:18:49]}
{[%emt 00:00:19]} 45. a5 {[%clk 01:20:01]} {[%emt 00:00:43]} Nc4 {[%clk
01:18:53]} {[%emt 00:00:25]} 46. Bd8 {[%clk 01:20:06]} {[%emt 00:00:23]} Nd6
{[%clk 01:15:55]} {[%emt 00:03:30]} 47. Bb6 {[%clk 01:18:51]} {[%emt 00:01:46]}
Nc8 {[%clk 01:15:15]} {[%emt 00:01:10]} 48. Bd8 {[%clk 01:18:39]} {[%emt
00:00:42]} Na7 {[%clk 01:15:32]} {[%emt 00:00:13]} 49. Bb6 {[%clk 01:18:50]}
{[%emt 00:00:19]} Nc6 {[%clk 01:15:55]} {[%emt 00:00:07]} 50. Kc3 {[%clk
01:18:22]} {[%emt 00:00:57]} Nb8 {[%clk 01:15:41]} {[%emt 00:00:42]} 51. Bc7
{[%clk 01:17:18]} {[%emt 00:01:36]} Nd7 {[%clk 01:16:01]} {[%emt 00:00:10]} 52.
Bd8 {[%clk 01:17:37]} {[%emt 00:00:12]} Nf8 {[%clk 01:15:12]} {[%emt 00:01:18]}
53. Bc7 {[%clk 01:15:22]} {[%emt 00:02:45]} Ne6 {[%clk 01:15:28]} {[%emt
00:00:13]} 54. Bb8 {[%clk 01:15:37]} {[%emt 00:00:17]} Kc5 {[%clk 01:15:42]}
{[%emt 00:00:16]} 55. Be5 {[%clk 01:15:10]} {[%emt 00:00:57]} Kb5 {[%clk
01:15:57]} {[%emt 00:00:15]} 56. Bb8 {[%clk 01:15:34]} {[%emt 00:00:06]} Kc5
{[%clk 01:13:44]} {[%emt 00:02:42]} 57. Be5 {[%clk 01:15:42]} {[%emt 00:00:22]}
Kb5 {[%clk 01:14:03]} {[%emt 00:00:12]} 58. Bb8 {[%clk 01:16:04]} {[%emt
00:00:09]} Kxa5 {[%clk 01:12:46]} {[%emt 00:01:47]} 59. Kc4 {[%clk 01:15:23]}
{[%emt 00:01:10]} Kb6 {[%clk 01:10:03]} {[%emt 00:03:13]} 60. Kd5 {[%clk
01:15:02]} {[%emt 00:00:51]} Nc7+ {[%clk 01:10:25]} {[%emt 00:00:08]} 61. Kd6
{[%clk 01:14:44]} {[%emt 00:00:49]} Nb5 {[%clk 01:08:10]} {[%emt 00:02:44]} 62.
Ke6 {[%clk 01:14:12]} {[%emt 00:01:02]} Kc5 {[%clk 01:06:45]} {[%emt 00:01:55]}
63. Be5 {[%clk 01:12:54]} {[%emt 00:01:47]} Nd4+ {[%clk 01:07:04]} {[%emt
00:00:11]} 64. Kf6 {[%clk 01:13:01]} {[%emt 00:00:23]} a5 {[%clk 01:07:28]}
{[%emt 00:00:07]} 65. Kf7 {[%clk 01:12:57]} {[%emt 00:00:34]} a4 {[%clk
01:05:56]} {[%emt 00:02:03]} 66. Ke7 {[%clk 01:13:02]} {[%emt 00:00:24]} Nc6+
{[%clk 01:03:20]} {[%emt 00:03:37]} 67. Kf7 {[%clk 01:13:35]} {[%emt 00:00:26]}
Nd4 {[%clk 01:03:37]} {[%emt 00:00:14]} 68. Ke7 {[%clk 01:13:54]} {[%emt
00:00:11]} b5 {[%clk 01:03:52]} {[%emt 00:00:15]} 69. Bd6+ {[%clk 01:14:05]}
{[%emt 00:00:18]} Kc4 {[%clk 01:04:14]} {[%emt 00:00:09]} 70. Kf7 {[%clk
01:14:21]} {[%emt 00:00:13]} b4 {[%clk 01:04:15]} {[%emt 00:00:30]} 71. Kxg6
{[%clk 01:14:33]} {[%emt 00:00:18]} a3 {[%clk 01:04:38]} {[%emt 00:00:07]} 72.
Kxh5 {[%clk 01:14:39]} {[%emt 00:00:23]} a2 {[%clk 01:04:53]} {[%emt 00:00:16]}
73. Be5 {[%clk 01:14:50]} {[%emt 00:00:19]} a1=Q {[%emt 00:00:13]} 74. Kg6
{[%clk 01:15:04]} {[%emt 00:00:15]} Qg1+ {[%clk 01:05:24]} {[%emt 00:00:17]}
75. Kf6 {[%clk 01:15:25]} {[%emt 00:00:09]} b3 {[%clk 01:05:35]} {[%emt
00:00:19]} 76. h5 {[%clk 01:15:42]} {[%emt 00:00:13]} b2 {[%clk 01:05:54]}
{[%emt 00:00:10]} 77. h6 {[%clk 01:15:58]} {[%emt 00:00:14]} b1=Q {[%emt
00:00:07]} 78. h7 {[%clk 01:16:19]} {[%emt 00:00:08]} Qb6+ {[%clk 01:06:43]}
{[%emt 00:00:05]} 79. Kf7 {[%clk 01:16:21]} {[%emt 00:00:28]} Qe6+ {[%clk
01:06:45]} {[%emt 00:00:28]} 80. Kf8 {[%clk 01:16:31]} {[%emt 00:00:20]} Qd7
{[%clk 01:06:50]} {[%emt 00:00:25]} 81. Bxd4 {[%clk 01:16:34]} {[%emt
00:00:26]} Qgxd4 {[%clk 01:07:01]} {[%emt 00:00:19]} 82. h8=Q {[%clk 01:16:28]}
{[%emt 00:00:36]} Qxh8# {[%emt 00:00:32]} 0-1

[Event "DVM U12 2024"]
[Site "Heidelberg GER"]
[Date "2024.12.30"]
[Round "7"]
[White "Gilcher, Tamino"]
[Black "Liu, Kairui"]
[Result "0-1"]
[Termination "normal"]
[Board "8.3"]
[WhiteElo "1395"]
[BlackElo "1559"]
[WhiteClock "00:14:10"]
[BlackClock "00:42:46"]
[WhiteTeam "SG Trier 1877"]
[BlackTeam "Karlsruher SF 1853"]
[PlyCount "116"]
[WhiteFideId "34681787"]
[BlackFideId "34660534"]
[EventCountry "GER"]
[EventRounds "7"]
[EventType "team-swiss"]
[EventDate "2024.12.26"]

1. e4 {[%clk 01:30:58]} e5 {[%clk 01:30:53]} {[%emt 00:00:08]} 2. Nf3 {[%clk
01:31:19]} {[%emt 00:00:09]} Nc6 {[%clk 01:31:17]} {[%emt 00:00:05]} 3. Bb5
{[%clk 01:31:44]} {[%emt 00:00:05]} a6 {[%clk 01:31:43]} {[%emt 00:00:05]} 4.
Ba4 {[%clk 01:32:08]} {[%emt 00:00:05]} Nf6 {[%clk 01:32:05]} {[%emt 00:00:07]}
5. O-O {[%clk 01:31:28]} {[%emt 00:01:10]} b5 {[%clk 01:31:21]} {[%emt
00:01:15]} 6. Bb3 {[%clk 01:31:46]} {[%emt 00:00:12]} Be7 {[%clk 01:31:44]}
{[%emt 00:00:07]} 7. c3 {[%clk 01:31:46]} {[%emt 00:00:30]} O-O {[%clk
01:28:11]} {[%emt 00:04:03]} 8. Re1 {[%clk 01:31:33]} {[%emt 00:00:43]} d5
{[%clk 01:26:02]} {[%emt 00:02:39]} 9. exd5 {[%clk 01:25:53]} {[%emt 00:06:09]}
Nxd5 {[%clk 01:25:22]} {[%emt 00:01:10]} 10. Nxe5 {[%clk 01:26:00]} {[%emt
00:00:22]} Nxe5 {[%clk 01:25:42]} {[%emt 00:00:10]} 11. Rxe5 {[%clk 01:26:27]}
{[%emt 00:00:04]} c6 {[%clk 01:25:58]} {[%emt 00:00:12]} 12. d4 {[%clk
01:26:03]} {[%emt 00:00:55]} Bd6 {[%clk 01:25:47]} {[%emt 00:00:41]} 13. Re1
{[%clk 01:20:55]} {[%emt 00:05:37]} Qh4 {[%clk 01:24:15]} {[%emt 00:02:02]} 14.
g3 {[%clk 01:20:14]} {[%emt 00:01:11]} Qh3 {[%clk 01:23:44]} {[%emt 00:01:02]}
15. Bxd5 {[%clk 01:07:46]} {[%emt 00:12:58]} cxd5 {[%clk 01:23:32]} {[%emt
00:00:42]} 16. Qf3 {[%clk 00:59:10]} {[%emt 00:09:05]} Bb7 {[%clk 01:19:37]}
{[%emt 00:04:25]} 17. Nd2 {[%clk 00:51:04]} {[%emt 00:08:37]} Rae8 {[%clk
01:18:11]} {[%emt 00:01:56]} 18. Re3 {[%clk 00:49:25]} {[%emt 00:02:08]} Re6
{[%clk 01:15:09]} {[%emt 00:03:32]} 19. Nb3 {[%clk 00:49:32]} {[%emt 00:00:23]}
Rf6 {[%clk 01:11:03]} {[%emt 00:04:36]} 20. Qe2 {[%clk 00:48:33]} {[%emt
00:01:30]} Bc8 {[%clk 01:09:52]} {[%emt 00:01:41]} 21. Bd2 {[%clk 00:47:29]}
{[%emt 00:01:34]} Bg4 {[%clk 01:04:27]} {[%emt 00:05:54]} 22. Qf1 {[%clk
00:47:48]} {[%emt 00:00:11]} Qh5 {[%clk 01:03:16]} {[%emt 00:01:41]} 23. Rae1
{[%clk 00:36:14]} {[%emt 00:12:03]} Rh6 {[%clk 01:01:49]} {[%emt 00:01:58]} 24.
Qg2 {[%clk 00:34:11]} {[%emt 00:02:32]} Re6 {[%clk 00:56:12]} {[%emt 00:06:08]}
25. f3 {[%clk 00:29:49]} {[%emt 00:04:52]} Bh3 {[%clk 00:55:10]} {[%emt
00:01:32]} 26. Qf2 {[%clk 00:28:21]} {[%emt 00:01:58]} Rg6 {[%clk 00:51:54]}
{[%emt 00:03:46]} 27. f4 {[%clk 00:26:53]} {[%emt 00:01:58]} Qg4 {[%clk
00:49:53]} {[%emt 00:02:31]} 28. Kh1 {[%clk 00:20:12]} {[%emt 00:07:11]} h5
{[%clk 00:45:47]} {[%emt 00:04:36]} 29. f5 {[%clk 00:18:07]} {[%emt 00:02:35]}
Rf6 {[%clk 00:44:13]} {[%emt 00:02:03]} 30. Rf3 {[%clk 00:18:05]} {[%emt
00:00:33]} Rxf5 {[%clk 00:42:33]} {[%emt 00:02:11]} 31. Rxf5 {[%clk 00:18:17]}
{[%emt 00:00:17]} Qxf5 {[%clk 00:42:57]} {[%emt 00:00:06]} 32. Qxf5 {[%clk
00:18:28]} {[%emt 00:00:20]} Bxf5 {[%clk 00:43:20]} {[%emt 00:00:07]} 33. Na5
{[%clk 00:17:47]} {[%emt 00:01:11]} Bc8 {[%clk 00:40:34]} {[%emt 00:03:17]} 34.
Nc6 {[%clk 00:15:29]} {[%emt 00:02:48]} Bd7 {[%clk 00:40:06]} {[%emt 00:00:59]}
35. Ne5 {[%clk 00:15:01]} {[%emt 00:00:57]} Rd8 {[%clk 00:38:54]} {[%emt
00:01:41]} 36. Bf4 {[%clk 00:13:58]} {[%emt 00:01:33]} Bxe5 {[%clk 00:38:40]}
{[%emt 00:00:44]} 37. Rxe5 {[%clk 00:12:51]} {[%emt 00:01:36]} g6 {[%clk
00:38:43]} {[%emt 00:00:28]} 38. Rxd5 {[%clk 00:13:05]} {[%emt 00:00:16]} Bc6
{[%clk 00:39:06]} {[%emt 00:00:07]} 39. Bg5 {[%clk 00:10:48]} {[%emt 00:02:47]}
Rxd5 {[%clk 00:39:22]} {[%emt 00:00:13]} 40. Bf4 {[%clk 00:10:57]} {[%emt
00:00:22]} Rxd4+ {[%clk 00:39:32]} {[%emt 00:00:20]} 41. Kg1 {[%clk 00:11:19]}
{[%emt 00:00:08]} Rd1+ {[%clk 00:39:33]} {[%emt 00:00:29]} 42. Kf2 {[%emt
00:00:35]} Rb1 {[%clk 00:39:40]} 43. a3 {[%clk 00:10:07]} {[%emt 00:02:00]}
Rxb2+ {[%clk 00:40:02]} {[%emt 00:00:07]} 44. Ke3 {[%clk 00:10:25]} {[%emt
00:00:11]} Rb3 {[%clk 00:39:56]} {[%emt 00:00:38]} 45. Kd4 {[%clk 00:10:15]}
{[%emt 00:00:41]} Rxa3 {[%clk 00:40:03]} {[%emt 00:00:23]} 46. h4 {[%clk
00:10:15]} {[%emt 00:00:28]} a5 {[%clk 00:39:18]} {[%emt 00:01:16]} 47. Bd6
{[%clk 00:10:09]} {[%emt 00:00:36]} Rb3 {[%clk 00:39:33]} {[%emt 00:00:14]} 48.
Bc5 {[%clk 00:10:19]} {[%emt 00:00:21]} a4 {[%clk 00:39:55]} {[%emt 00:00:07]}
49. Bd6 {[%clk 00:10:38]} {[%emt 00:00:12]} a3 {[%clk 00:40:16]} {[%emt
00:00:10]} 50. Bc5 {[%clk 00:11:06]} {[%emt 00:00:01]} a2 {[%clk 00:40:40]}
{[%emt 00:00:06]} 51. Bd6 {[%clk 00:11:32]} {[%emt 00:00:04]} a1=Q {[%clk
00:40:59]} {[%emt 00:00:11]} 52. Bc5 {[%clk 00:11:59]} {[%emt 00:00:04]} Qd1+
{[%clk 00:41:23]} {[%emt 00:00:05]} 53. Ke5 {[%clk 00:12:21]} {[%emt 00:00:09]}
Qd5+ {[%clk 00:41:43]} {[%emt 00:00:10]} 54. Kf6 {[%clk 00:12:40]} {[%emt
00:00:11]} Qf5+ {[%clk 00:41:44]} {[%emt 00:00:28]} 55. Ke7 {[%clk 00:13:00]}
{[%emt 00:00:10]} Qxc5+ {[%clk 00:42:09]} {[%emt 00:00:06]} 56. Kf6 {[%clk
00:13:23]} {[%emt 00:00:07]} Qf5+ {[%clk 00:42:29]} {[%emt 00:00:10]} 57. Ke7
{[%clk 00:13:46]} {[%emt 00:00:06]} Qe6+ {[%clk 00:42:52]} {[%emt 00:00:07]}
58. Kd8 {[%clk 00:14:10]} {[%emt 00:00:06]} Qd7# {[%clk 00:42:46]} {[%emt
00:00:05]} 0-1

[Event "DVM U12 2024"]
[Site "Heidelberg GER"]
[Date "2024.12.30"]
[Round "7"]
[White "Luft, Felix"]
[Black "Tiuca, Emma"]
[Result "1/2-1/2"]
[Termination "normal"]
[Board "8.4"]
[WhiteElo "1294"]
[BlackElo "1472"]
[WhiteClock "00:45:22"]
[BlackClock "00:37:06"]
[WhiteTeam "Karlsruher SF 1853"]
[BlackTeam "SG Trier 1877"]
[PlyCount "42"]
[BlackFideId "4007549"]
[EventCountry "GER"]
[EventRounds "7"]
[EventType "team-swiss"]
[EventDate "2024.12.26"]

1. e4 {[%clk 01:30:58]} {[%emt 00:00:02]} e6 {[%clk 01:30:49]} {[%emt
00:00:11]} 2. d4 {[%clk 01:31:17]} {[%emt 00:00:11]} d5 {[%clk 01:31:03]}
{[%emt 00:00:15]} 3. exd5 {[%clk 01:31:38]} {[%emt 00:00:11]} exd5 {[%clk
01:30:55]} {[%emt 00:00:38]} 4. Nf3 {[%clk 01:31:51]} {[%emt 00:00:17]} Bd6
{[%clk 01:31:02]} {[%emt 00:00:22]} 5. c4 {[%clk 01:31:56]} {[%emt 00:00:26]}
c6 {[%clk 01:14:38]} {[%emt 00:16:54]} 6. Nc3 {[%clk 01:28:37]} {[%emt
00:03:48]} Be6 {[%clk 01:12:50]} {[%emt 00:02:17]} 7. c5 {[%clk 01:28:29]}
{[%emt 00:00:40]} Bc7 {[%clk 01:12:45]} {[%emt 00:00:33]} 8. b4 {[%clk
01:25:28]} {[%emt 00:03:31]} Nd7 {[%clk 01:02:55]} {[%emt 00:10:21]} 9. Be3
{[%clk 01:21:53]} {[%emt 00:04:06]} Ne7 {[%clk 00:59:30]} {[%emt 00:03:55]} 10.
Be2 {[%clk 01:18:00]} {[%emt 00:04:23]} h6 {[%clk 00:57:57]} {[%emt 00:02:03]}
11. O-O {[%clk 01:15:42]} {[%emt 00:02:46]} O-O {[%clk 00:57:26]} {[%emt
00:01:03]} 12. Rb1 {[%clk 01:12:58]} {[%emt 00:03:12]} Rb8 {[%clk 00:56:04]}
{[%emt 00:01:54]} 13. b5 {[%clk 01:09:24]} {[%emt 00:04:05]} Re8 {[%clk
00:53:57]} {[%emt 00:02:36]} 14. Qa4 {[%clk 01:05:32]} {[%emt 00:04:22]} Ba5
{[%clk 00:52:48]} {[%emt 00:01:37]} 15. Rfc1 {[%clk 01:03:59]} {[%emt
00:02:03]} Bf5 {[%clk 00:49:08]} {[%emt 00:04:11]} 16. Rb2 {[%clk 01:03:13]}
{[%emt 00:01:12]} Ra8 {[%clk 00:45:10]} {[%emt 00:04:30]} 17. Bf4 {[%clk
00:57:34]} {[%emt 00:06:10]} Bc7 {[%clk 00:44:08]} {[%emt 00:01:32]} 18. Bxc7
{[%clk 00:52:31]} {[%emt 00:05:34]} Qxc7 {[%clk 00:43:09]} {[%emt 00:01:28]}
19. Rd1 {[%clk 00:49:22]} {[%emt 00:03:34]} Rab8 {[%clk 00:40:09]} {[%emt
00:03:35]} 20. Bd3 {[%clk 00:46:44]} {[%emt 00:03:08]} Bg4 {[%clk 00:39:12]}
{[%emt 00:01:22]} 21. Be2 {[%clk 00:45:22]} {[%emt 00:01:56]} Bf5 {[%clk
00:37:06]} {[%emt 00:02:37]} 1/2-1/2